Statistics for Gassu's 50 Most Played Songs

Click here to take the quiz!

General Stats

  • This quiz has been taken 8 times
  • The average score is 8 of 48

Answer Stats

# Song Nationality Artist % Correct
45Hells Bells
AC/DC
71%
41Viva la Vida
Coldplay
71%
18L'Amour Toujours
Gigi d'Agostino
43%
21Down Under
Men at Work
43%
19I Took A Pill in Ibiza
Mike Posner
43%
40All Summer Long
Kid Rock
29%
31Abracadabra
Steve Miller Band
29%
20Big in Japan
Alphaville
29%
16Yo Contigo, Tú Conmigo
Álvaro Soler, Morat
29%
44Don't Be So Shy
Imany, Filatov&Karas
29%
37Cose della Vita
Eros Ramazzotti
29%
46Je veux
Zaz
29%
8La Cintura
Álvaro Soler
29%
2Captain Jack - Short Mix
Captain Jack
14%
38Firestone
Kygo
14%
4Shut Up and Dance
Walk the Moon
14%
5Back 2 U
Steve Aoki, Walk the Moon
14%
30OK
Robin Schulz, James Blunt
14%
29Lemon Tree
Fools Garden
14%
25Zillertaler Hochzeitsmarsch
Zillertaler Schürzenjäger
14%
10Barcelona
Ed Sheeran
14%
47 Vayamos compañeros
Marquess
14%
9Heart to Heart
James Blunt
14%
36Fight Song
Rachel Platten
14%
17Die immer lacht - Radio 2016 Mix
Kerstin Ott
14%
50The Race
Yello
14%
48Anywhere
Rita Ora
0%
43Astronomia
Vicetone, Tony Igy
0%
1The Ocean
Mike Perry
0%
34Route 66
Chuck Berry
0%
33Putin, Putout
Klemen Slakonja
0%
32Cold Ain't For Me
Oceans
0%
27Last Night (On Earth)
Pegasus, diMaro
0%
22Adiós
Loco Escrito
0%
15Amore e Capoeira
Takagi&Ketra, Giusy
0%
14Real Gone
Sheryl Crow
0%
12Woke Up This Morning - Chosen One Mix
Alabama 3
0%
7broken
lovelytheband
0%
6Cuando me siento bien
Efecto Pasillo
0%
26Can-Can (galop infernal)
Jacques Offenbach
0%

Score Distribution

Percentile by Number Answered

Percent of People with Each Score

Your Score History

You have not taken this quiz